000 00386nam a2200145Ia 4500
008 230411s9999 xx 000 0 und d
020 _a81-8448-405-4
041 _aeng
082 _aF/616.0756/PRA/B05664
100 _aPramilaa R
245 _aPocket Book On Laboratory Tests For Nurses
260 _bJaypee Brothers
_aNew Delhi
_c2008
300 _a91p
999 _c156171
_d156171